000 00288nam a22001337a 4500
008 171102b xxu||||| |||| 00| 0 eng d
020 _a9780307265616
041 _aeng
080 _a530.14
100 _a59
101 _aKAP
245 _aSUPERCAPITALISM
_cREICH, R.B
942 _2udc
_cBK
999 _c37186
_d37186